Statistiche per Conosci i testi dei NIRVANA?

Clicka qui per fare il quiz!

Statistiche generali

  • Questo quiz è stato fatto 202 volte
  • Il punteggio medio è 10 su 15

Statistiche sulle risposte

DomandaRisposta% Corretto
"'I'm so happy 'cause today I found my friends"Lithium
93%
"Take your time, hurry up, choice is yours, don't be late"Come as you are
89%
"I found it hard, was hard to find"Smells like teen Spirit
77%
"I'm not the only one"Rape me
73%
"It's okay to eat fish because they don't have any feelings"Something in the way
70%
"I love myself better than you, I know it's wrong, so what should I do?"On a plain
69%
"My heart is broke but I have some glue"Dumb
65%
"I do think you fit this shoe"About a Girl
64%
"Monkey see, monkey do"Stay Away
62%
"I'm on warm milk and laxatives, cherry-flavoureds antacids."Pennyroyal Tea
61%
"In the sun I feel as one"All apologies
58%
"One baby says to another I'm lucky to have met you"Drain you
58%
"After dinner I had ice cream I fell asleep and watched TV"Sliver
57%
"Daddy's little girl ain't a girl no more"Negative Creep
49%
"Never met a wise man, if so it's a woman"Territorial pissings
44%

Distribuzione punteggi

Percentile per numero di risposta

Percentuale di utenti per punteggio

I tuoi punteggi nel tempo

Non hai fatto questo quiz